План и таблицы вычисления угодий дачи деревни Городни в Лужском уезде Санкт-Петербургской губернии

Доступно только в Электронных читальных залах Найти на картеНа карте
RUSMARC
00003636nmc2a22000003x 450
001b1951608-08c3-4c84-ba47-b15c0459b189
00520191120113508.0
100##$a20170406l18591859k l0rusy0189 ca
1010#$arus
102##$aRU
2001#$aПлан и таблицы вычисления угодий дачи деревни Городни в Лужском уезде Санкт-Петербургской губернии
$j1859 г.
251##$cДело
105##$aae###
801#0$aRU
$bРГИА
$c20170406
$gRCR
801#1$aRU
$bГлавНИВЦ
$c20170406
$2rusmarc
801#2$aRU
$bПБ им. Б.Н. Ельцина
$c20191120
$gRCR
$2rusmarc
850##$aРГИА
852##$aРГИА
$eФедеральное казенное учреждение "Российский государственный исторический архив" (РГИА)
$j427
937##$hРГИА
$d12259302
$aASBIBLIO_SCAN
462#0$1001c9a41435-d21c-4ba9-a75c-9547afdd7617
$12001
$aКарты и планы казенных и частных земель и лесов по Санкт-Петербургской губернии
$1251
$cОпись
$1852
$j29
461#0$100126e99e9d-b562-464e-a273-fbb2bdfe5ec7
$12001
$aПлановый архив Министерства земледелия (1837-1918)
$1251
$cФонд
$1852
$j380
215##$a73 л.
$cплан.; табл.
$d35,5х27 см
371##$aДокумент не является опубликованным и широко распространяемым
1222#$ad
035##$ab1951608-08c3-4c84-ba47-b15c0459b189
856##$uhttp://readingroom.main.prlib.ru/item.aspx?id_node=n135290351&mode=full
Формат отображения